Statistics for Random African Country to Capital

Click here to take the quiz!

General Stats

  • This quiz has been taken 42,113 times
  • The average score is 7 of 10

Answer Stats

CountryCapital City% Correct
EgyptCairo
97%
South AfricaPretoria | Cape Town |
Bloemfontein
96%
TunisiaTunis
96%
AlgeriaAlgiers
95%
KenyaNairobi
95%
DjiboutiDjibouti
94%
MoroccoRabat
93%
EthiopiaAddis Ababa
91%
LibyaTripoli
91%
SenegalDakar
85%
Dem. Rep. of the CongoKinshasa
85%
GhanaAccra
84%
SomaliaMogadishu
84%
NigeriaAbuja
83%
São Tomé and PríncipeSão Tomé
83%
SudanKhartoum
82%
Guinea-BissauBissau
81%
AngolaLuanda
79%
Rep. of the CongoBrazzaville
78%
MadagascarAntananarivo
77%
NamibiaWindhoek
77%
UgandaKampala
76%
LiberiaMonrovia
75%
ZimbabweHarare
74%
Sierra LeoneFreetown
73%
South SudanJuba
73%
ChadN'Djamena
72%
SeychellesVictoria
70%
RwandaKigali
69%
Burkina FasoOuagadougou
68%
MozambiqueMaputo
66%
NigerNiamey
66%
CameroonYaoundé
65%
EritreaAsmara
64%
TanzaniaDodoma
64%
BotswanaGaborone
64%
MaliBamako
62%
GuineaConakry
62%
ZambiaLusaka
62%
MalawiLilongwe
61%
TogoLomé
61%
MauritiusPort Louis
60%
Cape VerdePraia
59%
GabonLibreville
58%
BeninPorto-Novo / Cotonou
58%
Central African RepublicBangui
56%
MauritaniaNouakchott
56%
GambiaBanjul
55%
ComorosMoroni
54%
EswatiniMbabane
53%
Ivory CoastYamoussoukro
53%
BurundiGitega
52%
LesothoMaseru
51%
Equatorial GuineaMalabo
50%

Score Distribution

Percentile by Number Answered

Percent of People with Each Score

Your Score History

You have not taken this quiz